Central Library OPAC University of Rajshahi

Types of English drama / (Record no. 18230)

MARC details
000 -LEADER
fixed length control field 01334nam a2200289 i 4500
001 - CONTROL NUMBER
control field 18230
003 - CONTROL NUMBER IDENTIFIER
rucl marc code BD-RjUL
005 - DATE AND TIME OF LATEST TRANSACTION
control field 20211209000244.0
008 - FIXED-LENGTH DATA ELEMENTS--GENERAL INFORMATION
fixed length control field 140220r1940 miu b 001 0 eng
020 ## - INTERNATIONAL STANDARD BOOK NUMBER
International Standard Book Number 0403072093
035 ## - SYSTEM CONTROL NUMBER
System control number (BD-RjUL)18288
040 ## - CATALOGING SOURCE
Original cataloging agency DLC
Transcribing agency DLC
Modifying agency DLC
Language of cataloging eng
041 ## - LANGUAGE CODE
Language code of text/sound track or separate title eng
082 00 - DEWEY DECIMAL CLASSIFICATION NUMBER
Classification number 822.008
Author mark and year TYP 1940
100 1# - MAIN ENTRY--PERSONAL NAME
Personal name Ashton, John William,
Dates associated with a name 1900-
9 (RLIN) 56118
245 10 - TITLE STATEMENT
Title Types of English drama /
Statement of responsibility, etc. edited by John W. Ashton.
260 ## - PUBLICATION, DISTRIBUTION, ETC. (IMPRINT)
Place of publication, distribution, etc. St. Clair Shores, Mich. :
Name of publisher, distributor, etc. Scholarly Press,
Date of publication, distribution, etc. c1940.
300 ## - PHYSICAL DESCRIPTION
Pagination ix, 750 p. ;
Size 21 cm.
500 ## - GENERAL NOTE
General note Reprint of the ed. published by Macmillan, New York, in series: Types of English literature.
504 ## - BIBLIOGRAPHY, ETC. NOTE
Bibliography, etc Includes bibliographies and index.
505 0# - FORMATTED CONTENTS NOTE
Formatted contents note The play of Abraham and Melchizedek and Lot, with the sacrifice of Isaac.--Everyman.--Greene, R. Friar Bacon and Friar Bungay.--Marlowe, C. Edward II.--Jonson, B. The alchemist.--Heywood, T. A woman killed with kindness.--Congreve, W. The way of the world.--Gay, J. The beggar's opera.--Sheridan, R. B. The critic.--Browning, R. A blot in the 'scutcheon.--Wilde, O. The importance of being earnest.--O'Neill, E. Anna Christie.
650 #0 - SUBJECT ADDED ENTRY--TOPICAL TERM
Topical term or geographic name as entry element English drama.
9 (RLIN) 56119
830 #0 - SERIES ADDED ENTRY--UNIFORM TITLE
Uniform title Types of English literature (New York)
942 ## - ADDED ENTRY ELEMENTS (KOHA)
Source of classification or shelving scheme Dewey Decimal Classification
Koha item type Books
Holdings
Lost status Source of classification or shelving scheme Damaged status Not for loan Collection code Permanent Location Current Location Shelving location Date acquired Source of acquisition Cost, normal purchase price Total Checkouts Full call number Date last seen Copy number Koha item type
  Dewey Decimal Classification   Not For Loan Fiction Central Library, University of Rajshahi Central Library, University of Rajshahi Reading Room 10/06/1959 Asia foundation 0.00   822.008 TYP 1940 20/02/2014 C-1 Books